Aktuaľnosť problemy motivacii v inojazyčnom obrazovanii
Gespeichert in:
| 1. Verfasser: | |
|---|---|
| Weitere Verfasser: | |
| Format: | Buchkapitel |
| Sprache: | Russisch |
| Tags: |
Keine Tags, Fügen Sie das erste Tag hinzu!
|
MARC
| LEADER | 00000naa$a2200000$$$4500 | ||
|---|---|---|---|
| 001 | 0281079 | ||
| 005 | 20240502083902.6 | ||
| 041 | 0 | |a rus | |
| 044 | |a HR | ||
| 245 | 1 | 0 | |a Aktuaľnosť problemy motivacii v inojazyčnom obrazovanii |c Tatjana Grigorjanová, Marina Matytcina |
| 100 | 1 | |a Matytcina, Marina | |
| 700 | 1 | |a Grigorjanová, Tatjana, 1960- | |